00433 2200169 4500245006100000020002200061250001100083100001600094700001200110650002400122005001900146260003700165041001400202084001200216300002600228336000900254 aKarakter Generasi Bangsa yang TangguhcAkmal SatiahText a978-602-7503-05-2 aCet. 1 aAkmal Satia aKuncoro aPendidikan Karakter a20230216131620 aBekasibArlindo Grafimediac2012 aIndonesia a370.114 aiv, 68 hlm. :c21 cm. atext